[Event "64. BEM 2010"]
[Site "Dortmund"]
[Date "2010.03.08"]
[Round "7.16"]
[White "Krüger, Georg"]
[Black "Gennat, Egon L"]
[Result "1-0"]
[WhiteElo "1679"]
[BlackElo "1353"]
[PlyCount "67"]
[EventDate "2010.??.??"]
[Source "SG Dortmund"]
[SourceDate "2004.12.16"]

1. e4 g6 2. d4 Bg7 3. c3 d6 4. Nf3 Nd7 5. Bc4 e6 6. O-O Ne7 7. Bg5 h6 8. Bf4
O-O 9. Qd2 Kh7 10. Re1 e5 11. Be3 c5 12. Na3 f5 13. dxe5 Nxe5 14. Nxe5 Bxe5 15.
Bxh6 Bg7 16. Bxg7 Kxg7 17. Rad1 d5 18. exd5 Bd7 19. Qe3 Ng8 20. Qxc5 Nf6 21.
Re7+ Rf7 22. Rxf7+ Kxf7 23. Nb5 Bxb5 24. Qxb5 b6 25. d6+ Kg7 26. Qe5 Rc8 27.
Bb3 Qe8 28. Qe7+ (28. d7 $3) 28... Qxe7 29. dxe7 Rc7 30. Re1 Ne8 31. Ba4 Kf7
32. Bxe8+ Kxe8 33. f4 Rd7 34. Kf2 1-0

[Event "64. BEM 2010"]
[Site "Dortmund"]
[Date "2010.03.08"]
[Round "7.17"]
[White "Skoecz, Horst"]
[Black "Benke, Werner"]
[Result "1-0"]
[WhiteElo "1349"]
[BlackElo "1613"]
[PlyCount "115"]
[EventDate "2010.??.??"]
[Source "SG Dortmund"]
[SourceDate "2004.12.16"]

1. e4 e5 2. Nf3 d6 3. Be2 Nf6 4. Nc3 Be7 5. d4 exd4 6. Nxd4 O-O 7. O-O h6 8.
Nf3 Bg4 9. Nd4 Bxe2 10. Qxe2 Nbd7 11. Nf5 Kh7 12. Qd2 Ng8 13. Nd5 Bf6 14. Qa5
b6 15. Qb5 a6 16. Qe2 c6 17. Nde3 Re8 18. Nxd6 Rf8 19. f4 Bd4 20. Ndf5 Ndf6 21.
Rd1 Bxe3+ 22. Bxe3 Qc7 23. e5 Nd5 24. Qf3 Nge7 25. Nd6 Ng6 26. Qe4 Kg8 27. c4
Nxe3 28. Qxe3 c5 29. Rd3 Rad8 30. Rad1 Qe7 31. Nf5 Qc7 32. Nd6 Qe7 33. b3 Qh4
34. g3 Qg4 35. f5 Ne7 36. f6 gxf6 37. exf6 Nc6 38. Qxh6 Qg6 39. Qf4 Nd4 40.
Rxd4 cxd4 41. Rxd4 Qb1+ 42. Kg2 Qc2+ 43. Rd2 Qg6 44. g4 Rd7 45. h4 Rxd6 46.
Rxd6 Re8 47. Kf3 Re1 48. Kf2 Ra1 49. Rd8+ Kh7 50. Rd2 Rh1 51. h5 Qb1 52. Qf5+
Qxf5+ 53. gxf5 Rxh5 54. Rd5 Rh2+ 55. Ke3 Rxa2 56. Rd7 Kg8 57. Rb7 b5 58. cxb5 {
und Weiss gewann nach wenigen Zuegen ...} 1-0

[Event "64. BEM 2010"]
[Site "Dortmund"]
[Date "2010.03.08"]
[Round "7.18"]
[White "Militello, Luca"]
[Black "Türtmann, Werner"]
[Result "0-1"]
[WhiteElo "1025"]
[BlackElo "1579"]
[PlyCount "78"]
[EventDate "2010.??.??"]
[Source "SG Dortmund"]
[SourceDate "2004.12.16"]

1. e4 e5 2. d4 exd4 3. Nf3 Bb4+ 4. Bd2 Bxd2+ 5. Qxd2 Nc6 6. Nxd4 Qf6 7. c3 Nge7
8. Bc4 O-O 9. O-O Ne5 10. Bb3 Qg6 11. f4 N5c6 12. Re1 Na5 13. Nb5 Qb6+ 14. Nd4
c5 15. Qd3 cxd4 16. cxd4 Nxb3 17. axb3 d5 18. e5 Bf5 19. Qe3 Rfc8 20. Nc3 Qxb3
21. Re2 Qc4 22. Ra4 Qc6 23. h3 h5 24. Qf3 g6 25. Ra5 Qb6 26. Ra4 Be4 27. Nxe4
dxe4 28. Qxe4 Qb3 29. Ra3 Qb6 30. g4 Rc1+ 31. Kh2 hxg4 32. hxg4 Kg7 33. f5 Rh8+
34. Kg2 gxf5 35. gxf5 Kf8 36. d5 Qg1+ 37. Kf3 Rf1+ 38. Rf2 Qxf2+ 39. Kg4 Rh4+
0-1

[Event "64. BEM 2010"]
[Site "Dortmund"]
[Date "2010.03.08"]
[Round "7.19"]
[White "Noori, Mir Ahmad"]
[Black "Marienfeld, Udo"]
[Result "1/2-1/2"]
[WhiteElo "1566"]
[BlackElo "1334"]
[PlyCount "72"]
[EventDate "2010.??.??"]
[Source "SG Dortmund"]
[SourceDate "2004.12.16"]

1. d4 c5 2. c3 cxd4 3. cxd4 e6 4. e3 d5 5. Nf3 Nc6 6. Be2 Nf6 7. a3 Be7 8. Nbd2
a6 9. b4 Bd7 10. Bb2 b5 11. Nb3 a5 12. bxa5 Nxa5 13. Nxa5 Qxa5+ 14. Qd2 Qxd2+
15. Nxd2 b4 16. axb4 Rxa1+ 17. Bxa1 Bxb4 18. Bd3 Ke7 19. Ke2 Ra8 20. Rd1 Bxd2
21. Kxd2 Ra2+ 22. Ke1 Ne4 23. Bxe4 dxe4 24. Kf1 Bb5+ 25. Kg1 Bd3 26. Bc3 Rc2
27. Bb4+ Kf6 28. Bd6 Rb2 29. Be5+ Kg6 30. h3 Rb1 31. Rxb1 Bxb1 32. Kh2 f6 33.
Bd6 Ba2 34. Kg3 Kf5 35. h4 h5 36. f4 Bc4 1/2-1/2

[Event "64. BEM 2010"]
[Site "Dortmund"]
[Date "2010.03.08"]
[Round "7.20"]
[White "Fahle, Karl-Wilhelm"]
[Black "Gegner, Michael"]
[Result "0-1"]
[WhiteElo "1160"]
[BlackElo "1551"]
[PlyCount "29"]
[EventDate "2010.??.??"]
[Source "SG Dortmund"]
[SourceDate "2004.12.16"]

1. e4 e5 2. f4 Qf6 3. Nf3 Qxf4 4. Nc3 Bb4 5. Bc4 Bxc3 6. O-O Bb4 7. Bxf7+ Qxf7
8. Nxe5 Qe6 9. Qh5+ g6 10. Nxg6 Qxg6 11. Qe5+ Be7 12. Qxc7 Nc6 13. Qf4 Nf6 14.
d3 Ng4 15. h3 0-1

[Event "64. BEM 2010"]
[Site "Dortmund"]
[Date "2010.03.08"]
[Round "7.21"]
[White "Schoppe, Hans-Werner"]
[Black "Vogt, Christian"]
[Result "0-1"]
[WhiteElo "1224"]
[BlackElo "1357"]
[PlyCount "102"]
[EventDate "2010.??.??"]
[Source "SG Dortmund"]
[SourceDate "2004.12.16"]

1. d4 d5 2. Nf3 c6 3. e3 Bf5 4. Bd3 Bg6 5. Ne5 Nd7 6. Nxg6 hxg6 7. c4 dxc4 8.
Bxc4 e6 9. a3 Qg5 10. Qf3 Qf5 11. Nd2 Ngf6 12. Qxf5 gxf5 13. h3 g5 14. g3 Bd6
15. b4 Nb6 16. Bb3 Ke7 17. Bb2 Rh6 18. Nc4 Nxc4 19. Bxc4 a6 20. Bf1 {(=)} 20...
f4 21. exf4 gxf4 22. g4 Nxg4 23. Bg2 Nf6 24. Bc1 Rg8 25. Bf3 Nh7 26. h4 Nf6 27.
Ke2 Rgh8 28. h5 Nxh5 29. Rxh5 Rxh5 30. Bxh5 Rxh5 31. Kf3 Rh1 32. Bb2 Rxa1 33.
Bxa1 f5 34. Bc3 Kd7 35. Ke2 Bc7 36. Kf3 Bd6 (36... Kd6 $1 37. Kxf4 (37. Ke2 Kd5
38. Kd3 f3 $19) 37... Kd5+ 38. Ke3 Kc4 {und mit Hilfe seines eingedrungenen
Koenigs gewinnt Schwarz nahezu nach Belieben!}) 37. Bb2 b6 38. Ke2 c5 39. dxc5
bxc5 40. bxc5 Bxc5 41. a4 Kc6 42. Be5 Bd6 43. Bc3 Kd5 44. Kd3 e5 45. f3 e4+ 46.
Ke2 Kc4 47. Be1 Kb3 48. a5 Bb4 49. Bh4 Bxa5 50. Bg5 Bc7 51. fxe4 fxe4 0-1

[Event "64. BEM 2010"]
[Site "Dortmund"]
[Date "2010.03.08"]
[Round "7.22"]
[White "Rutmann, Ulrich"]
[Black "Rüttiger, Volker"]
[Result "1-0"]
[WhiteElo "1357"]
[BlackElo "1213"]
[PlyCount "67"]
[EventDate "2010.??.??"]
[Source "SG Dortmund"]
[SourceDate "2004.12.16"]

1. e4 c5 2. Nc3 Nc6 3. g3 e6 4. Bg2 Be7 5. Nf3 d6 6. d3 Nf6 7. O-O O-O 8. Bd2
Nd7 9. Ne2 Nde5 10. Bc3 b5 11. Nxe5 dxe5 12. f4 a5 13. fxe5 b4 14. Bd2 Nxe5 15.
Bf4 Bf6 16. Rb1 Ng6 17. e5 Be7 18. Bxa8 Nxf4 19. Nxf4 Qd4+ 20. Kh1 Qxe5 21. Bg2
Qc7 22. Qf3 e5 23. Nd5 Qd8 24. Nxe7+ Qxe7 25. Rbe1 f6 26. Qh5 g6 27. Qh4 Qg7
28. Qc4+ Rf7 29. Bd5 Bd7 30. Bxf7+ Qxf7 31. Qxf7+ Kxf7 32. Rxe5 c4 33. dxc4 Bf5
34. Rexf5 1-0

[Event "64. BEM 2010"]
[Site "Dortmund"]
[Date "2010.03.08"]
[Round "7.23"]
[White "Wangrin, Stefan A"]
[Black "Hübel, Carsten"]
[Result "0-1"]
[WhiteElo "1076"]
[BlackElo "1344"]
[PlyCount "64"]
[EventDate "2010.??.??"]
[Source "SG Dortmund"]
[SourceDate "2004.12.16"]

1. e4 c5 2. Bc4 Nc6 3. Nf3 e6 4. O-O g6 5. d4 cxd4 6. Nxd4 Bg7 7. Nxc6 bxc6 8.
a3 Ne7 9. Nd2 d5 10. exd5 cxd5 11. Ba2 O-O 12. Bb1 Rb8 13. Ra2 Nf5 14. c4 Nd4
15. Nf3 Nxf3+ 16. Qxf3 dxc4 17. Qe4 Ba6 18. Re1 Qd7 19. g4 Rfe8 20. g5 Bb7 21.
Qxc4 Red8 22. Be4 Rbc8 23. Qf1 Bxe4 24. Rxe4 Qd5 25. Rh4 Qxa2 26. Qh3 Rxc1+ 27.
Kg2 Qd5+ 28. f3 Qxg5+ 29. Rg4 Rd2+ 30. Kg3 Rg1+ 31. Qg2 Rgxg2+ 32. Kh3 Rxh2+
0-1

[Event "64. BEM 2010"]
[Site "Dortmund"]
[Date "2010.03.08"]
[Round "7.24"]
[White "Gitschel, Peter"]
[Black "Schirmer, Florian"]
[Result "1-0"]
[WhiteElo "1520"]
[BlackElo "1202"]
[PlyCount "29"]
[EventDate "2010.??.??"]
[Source "SG Dortmund"]
[SourceDate "2004.12.16"]

1. e4 c5 2. f4 d6 3. Nf3 e6 4. c3 Nf6 5. Qc2 Bd7 6. d4 cxd4 7. cxd4 Nc6 8. Nc3
Nb4 9. Qb3 Qa5 10. a3 Nxe4 11. Qxb4 Qxb4 12. axb4 d5 13. b5 Bb4 14. Bd2 Rc8 15.
Nxe4 1-0

[Event "64. BEM 2010"]
[Site "Dortmund"]
[Date "2010.03.08"]
[Round "7.25"]
[White "Jentzsch, Werner Wilfried"]
[Black "Schaefer, Ulrich"]
[Result "1-0"]
[WhiteElo "1441"]
[BlackElo "1231"]
[PlyCount "63"]
[EventDate "2010.??.??"]
[Source "SG Dortmund"]
[SourceDate "2004.12.16"]

1. d4 d5 2. Nc3 Nf6 3. Bf4 c5 4. dxc5 Nc6 5. e3 e5 6. Bg5 d4 7. Bxf6 Qxf6 8.
Nd5 Qd8 9. e4 Bxc5 10. Bc4 O-O 11. Nf3 Qa5+ 12. c3 dxc3 13. Nxc3 Bb4 14. O-O
Bxc3 15. bxc3 Bg4 16. Qb3 Bxf3 17. gxf3 Rab8 18. Rfd1 Qc7 19. Rd5 Na5 20. Qa4
Nxc4 21. Qxa7 Ra8 22. Rc5 Rxa7 23. Rxc7 Nb6 24. Rd1 f5 25. exf5 h6 26. Rd6 Rf6
27. Rd8+ Kh7 28. Re7 Rxf5 29. Ree8 Rf6 30. h4 Rxa2 31. h5 g5 32. Re7+ 1-0

[Event "64. BEM 2010"]
[Site "Dortmund"]
[Date "2010.03.08"]
[Round "7.26"]
[White "Tekin, Baran"]
[Black "Weih, Kurt"]
[Result "1-0"]
[WhiteElo "948"]
[BlackElo "1356"]
[PlyCount "43"]
[EventDate "2010.??.??"]
[Source "SG Dortmund"]
[SourceDate "2004.12.16"]

1. d4 Nf6 2. c4 g6 3. Nc3 Bg7 4. e4 d6 5. Nf3 O-O 6. Be2 Nbd7 7. O-O e5 8. d5
Nc5 9. Bg5 h6 10. Bxf6 Bxf6 11. b4 Nd7 12. Qc1 Bg7 13. Qe3 a6 14. c5 Nf6 15. h3
Nh5 16. Nd2 Nf4 17. cxd6 cxd6 18. Bd1 Qg5 19. Qg3 Nxh3+ 20. gxh3 Qxd2 21. Bg4
Bf5 $4 ({
Der Partiezug war ein klassischer "Fingerfehler". Geplant war eigentlich} 21...
f5) 22. exf5 {und Schwarz gab auf ...} 1-0

[Event "64. BEM 2010"]
[Site "Dortmund"]
[Date "2010.03.08"]
[Round "7.27"]
[White "Strotmann, Dieter"]
[Black "Rabe, Mark"]
[Result "1-0"]
[WhiteElo "1274"]
[BlackElo "948"]
[PlyCount "111"]
[EventDate "2010.??.??"]
[Source "SG Dortmund"]
[SourceDate "2004.12.16"]

1. e4 e5 2. Nf3 Nc6 3. b3 d6 4. Be2 Nf6 5. d3 Be7 6. h3 Nh5 7. Nc3 Nf4 8. Bxf4
exf4 9. Nd5 Bf6 10. Rb1 Be6 11. Nxf4 Bc3+ 12. Nd2 Bd7 13. O-O Qg5 14. g3 Be5
15. Nf3 Qh6 16. Nxe5 dxe5 17. Nd5 O-O 18. Bg4 Bxg4 19. Qxg4 Qe6 20. Qxe6 fxe6
21. Nxc7 Rac8 22. Nxe6 Rf6 23. Nc5 Rc7 24. c3 h5 25. f4 Rg6 26. Kh2 Re7 27. f5
Rf6 28. Rg1 Nd8 29. g4 hxg4 30. Rxg4 Nf7 31. Rbg1 Nh6 32. Rh4 b6 33. Ne6 a6 34.
Rh5 b5 35. Rhg5 Kh7 36. Rxg7+ Rxg7 37. Rxg7+ Kh8 38. Rg6 Rxg6 39. fxg6 Kg8 40.
h4 Ng4+ 41. Kg3 Nf6 42. Nc7 Kg7 43. Nxa6 Nh5+ 44. Kf2 Kxg6 45. Nc7 Nf4 46. Ke3
Ng2+ 47. Kd2 Nxh4 48. Nxb5 Nf3+ 49. Ke3 Ng5 50. a4 Ne6 51. b4 Kg5 52. a5 Nf4
53. a6 Ng2+ 54. Kd2 Kf4 55. a7 Ne3 56. Ke2 1-0

[Event "64. BEM 2010"]
[Site "Dortmund"]
[Date "2010.03.08"]
[Round "7.28"]
[White "Müller, Michaela"]
[Black "Hast, Stefan"]
[Result "1/2-1/2"]
[WhiteElo "1042"]
[BlackElo "1231"]
[PlyCount "92"]
[EventDate "2010.??.??"]
[Source "SG Dortmund"]
[SourceDate "2004.12.16"]

1. d4 Nf6 2. c4 e6 3. e3 Bb4+ 4. Bd2 Bxd2+ 5. Nxd2 O-O 6. Ngf3 b6 7. Bd3 Bb7 8.
O-O Nc6 9. a3 h6 10. Ne4 d5 11. Nxf6+ Qxf6 12. cxd5 Ne7 13. dxe6 Bxf3 14. exf7+
Rxf7 15. Qxf3 Qxf3 16. gxf3 Raf8 17. Be4 Rf6 18. Kh1 Nf5 19. Rg1 Nh4 20. Rg3
Nxf3 21. Bxf3 Rxf3 22. Rxf3 Rxf3 23. Kg1 Kf8 24. Rc1 Rf7 25. b4 Ke8 26. b5 Rf6
27. Kg2 Kd7 28. f4 g5 29. fxg5 hxg5 30. d5 Rf5 31. e4 Re5 32. Rc4 Kd6 33. Kg3
Kd7 34. h4 gxh4+ 35. Kxh4 Kd6 36. Kg4 Re8 37. Kf4 Rf8+ 38. Ke3 Rf1 39. a4 Ra1
40. Kd4 Rd1+ 41. Ke3 Ra1 42. Kf4 Rf1+ 43. Ke3 Ra1 44. Rc6+ Kd7 45. Rc4 Kd6 46.
Kd4 Rd1+ 1/2-1/2

[Event "64. BEM 2010"]
[Site "Dortmund"]
[Date "2010.03.08"]
[Round "7.29"]
[White "Schrimpl, Michael"]
[Black "Riepe, Markus"]
[Result "1-0"]
[WhiteElo "1496"]
[BlackElo "804"]
[PlyCount "79"]
[EventDate "2010.??.??"]
[Source "SG Dortmund"]
[SourceDate "2004.12.16"]

1. c4 Nf6 2. Nc3 e6 3. e4 b6 4. e5 Ng8 5. d4 g6 6. Nf3 Bg7 7. g3 Bb7 8. Bg2 f6
9. exf6 Nxf6 10. O-O O-O 11. Bg5 Nc6 12. Ne5 Qe8 13. Nb5 Qc8 14. Nxc6 Bxc6 15.
Bxc6 dxc6 16. Nc3 Qd7 17. Qd2 Ng4 18. Be3 e5 19. dxe5 Nxe5 20. Qxd7 Nxd7 21.
Rac1 Bxc3 22. Rxc3 Ne5 23. Bf4 Rae8 24. b3 Rf5 25. Re3 Kf7 26. Kg2 g5 27. Bxe5
Rexe5 28. Rxe5 Rxe5 29. Kf3 h6 30. Rd1 Kg6 31. g4 Rf5+ {[sic!]} 32. gxf5+ Kxf5
33. h3 h5 34. Rd7 g4+ 35. hxg4+ hxg4+ 36. Kg3 b5 37. cxb5 cxb5 38. Rxc7 a6 39.
Rc6 a5 40. Rc5+ 1-0

[Event "64. BEM 2010"]
[Site "Dortmund"]
[Date "2010.03.08"]
[Round "7.30"]
[White "Krüger, Inge"]
[Black "Reker, Gerhard"]
[Result "1-0"]
[WhiteElo "1390"]
[BlackElo "772"]
[PlyCount "57"]
[EventDate "2010.??.??"]
[Source "SG Dortmund"]
[SourceDate "2004.12.16"]

1. d4 d5 2. c4 dxc4 3. Nf3 Be6 4. Nc3 Bd5 5. e4 Bc6 6. Bxc4 e6 7. O-O Nf6 8.
Bg5 Bb4 9. d5 exd5 10. Nxd5 Bxd5 11. Bxd5 O-O 12. Qb3 a5 13. Rad1 Qe7 14. e5
Qe8 15. exf6 Nc6 16. a3 Bd6 17. fxg7 Kxg7 18. Qc3+ Ne5 19. Rfe1 f6 20. Bf4 Qg6
21. Bg3 Nxf3+ 22. Bxf3 Bxg3 23. hxg3 Rae8 24. Rxe8 Rxe8 25. Qxc7+ Kf8 26. Qc5+
Re7 27. Bxb7 Kf7 28. Bd5+ Ke8 29. Qc8# 1-0

[Event "64. BEM 2010"]
[Site "Dortmund"]
[Date "2010.03.08"]
[Round "7.31"]
[White "Wilkins, Petra"]
[Black "Schlepütz, Volker"]
[Result "0-1"]
[WhiteElo "783"]
[BlackElo "1216"]
[PlyCount "76"]
[EventDate "2010.??.??"]
[Source "SG Dortmund"]
[SourceDate "2004.12.16"]

1. e4 d6 2. Bc4 Nf6 3. Nf3 g6 4. Nc3 Bg7 5. d4 Nxe4 6. Nxe4 d5 7. Bd3 dxe4 8.
Bxe4 c6 9. O-O O-O 10. Re1 Bg4 11. h3 Bxf3 12. Bxf3 Bxd4 13. c3 Bf6 14. Qxd8
Rxd8 15. Bh6 g5 16. Rad1 Nd7 17. Re3 Ne5 18. Bh5 Rxd1+ 19. Bxd1 Rd8 20. Bc2 Rd2
21. Bf5 Rxb2 22. Re4 e6 23. Bg4 Nxg4 24. hxg4 Rxa2 25. Re1 Rd2 26. Rc1 a5 27.
f4 Rd5 28. fxg5 Bxg5 29. c4 Rc5 30. Bxg5 Rxg5 31. Rd1 Rc5 32. Rd7 b5 33. cxb5
cxb5 34. Ra7 b4 35. g5 Rb5 36. Kf1 b3 37. Ra8+ Kg7 38. Rc8 b2 0-1

[Event "64. BEM 2010"]
[Site "Dortmund"]
[Date "2010.03.09"]
[Round "8.1"]
[White "Heinzel, Olaf"]
[Black "Zachos, Ingo"]
[Result "1-0"]
[WhiteElo "2304"]
[BlackElo "2024"]
[PlyCount "123"]
[EventDate "2010.??.??"]
[Source "SG Dortmund"]
[SourceDate "2004.12.16"]

1. d4 d6 2. Nf3 g6 3. g3 Bg7 4. Bg2 Nf6 5. O-O O-O 6. c4 c6 7. Nc3 Qa5 8. h3
Be6 9. d5 cxd5 10. Nd4 dxc4 11. Bxb7 Nbd7 12. Nc6 Qh5 13. Nxe7+ Kh8 14. h4 Rab8
15. Bg2 Ne5 16. Ned5 Nxd5 17. Nxd5 Ng4 18. Bg5 Bxd5 19. Qxd5 h6 20. Bf4 Qxd5
21. Bxd5 Rxb2 22. Bxc4 Ne5 23. Bxe5 Bxe5 24. Rab1 Rfb8 25. Rxb2 Rxb2 26. e3 Kg7
27. Bb3 Bc3 28. Rc1 Ba5 29. Kf1 f5 30. Rc8 g5 31. Rg8+ Kf6 32. h5 f4 33. Rg6+
Kf5 34. gxf4 gxf4 35. exf4 Bd2 36. Rxh6 Bxf4 37. Rh7 Kg4 38. Rxa7 Kxh5 39. Rg7
Be5 40. Rg2 Bd4 41. Bd1+ Kh6 42. Bb3 Bc5 43. f4 Rxg2 44. Kxg2 Kg6 45. Kf3 Kf5
46. Bd5 Ba3 47. Bc6 Bc5 48. a4 Bd4 49. a5 Bg1 50. a6 Ke6 51. Ke4 Ba7 52. f5+
Kf6 53. Bd5 Bc5 54. Bb3 Ba7 55. Bc2 Ke7 56. Kd5 Kd7 57. f6 Be3 58. Bb3 Kc7 59.
Ke6 Kc6 60. Bc4 Bh6 61. Kf7 Kd7 62. a7 1-0

[Event "64. BEM 2010"]
[Site "Dortmund"]
[Date "2010.03.09"]
[Round "8.2"]
[White "Hoppe, Dirk"]
[Black "Brockmann, Michael"]
[Result "0-1"]
[WhiteElo "1828"]
[BlackElo "2063"]
[PlyCount "80"]
[EventDate "2010.??.??"]
[Source "SG Dortmund"]
[SourceDate "2004.12.16"]

1. e4 c5 2. Nf3 g6 3. d4 cxd4 4. Nxd4 Bg7 5. Be3 Nc6 6. Nc3 d6 7. Be2 Bd7 8.
Qd2 a6 9. f3 Rc8 10. O-O Nf6 11. Rfd1 O-O 12. Kh1 Re8 13. a3 Ne5 14. Rab1 Nc4
15. Bxc4 Rxc4 16. b3 Rc8 17. Nd5 b5 18. Qd3 Nxd5 19. exd5 Qa5 20. b4 Qc7 21.
Rbc1 Qc4 22. Qxc4 Rxc4 23. c3 Rec8 24. Rd3 h5 25. h3 Ra8 26. Nb3 Bf5 27. Rdd1
Rxc3 28. Rxc3 Bxc3 29. Na5 Rc8 30. Nc6 Kf8 31. Bh6+ Ke8 32. Rc1 Bf6 33. Re1 Bc2
34. Bf4 Kd7 35. Re2 Bb3 36. Rd2 Bxd5 37. Na7 Rc1+ 38. Kh2 Be6 39. Rxd6+ exd6
40. Bxc1 Bd4 0-1

[Event "64. BEM 2010"]
[Site "Dortmund"]
[Date "2010.03.09"]
[Round "8.3"]
[White "Simon, Thomas"]
[Black "Zelt, Jens"]
[Result "1-0"]
[WhiteElo "1885"]
[BlackElo "2020"]
[PlyCount "67"]
[EventDate "2010.??.??"]
[Source "SG Dortmund"]
[SourceDate "2004.12.16"]

1. Nf3 c5 2. c4 Nf6 3. d4 e6 4. Nc3 Be7 5. d5 exd5 6. cxd5 d6 7. e4 O-O 8. h3
a6 9. a4 b6 10. Bf4 Re8 11. Bd3 Nbd7 12. O-O Nf8 13. e5 dxe5 14. Nxe5 Bb7 15.
Nc6 Bxc6 16. dxc6 Ne6 17. Be5 Nd4 18. c7 Qd7 19. Re1 Kf8 20. Ne4 Nd5 21. Qh5 h6
22. Bxd4 cxd4 23. Bc4 f5 24. Ng3 Bf6 25. Rxe8+ Rxe8 26. Bxd5 Qxc7 27. Qg6 Re5
28. Bb3 f4 29. Ne4 Bd8 30. Qh7 Ke8 31. Qg8+ Kd7 32. Qxg7+ Re7 33. Qg4+ Ke8 34.
Nf6+ 1-0

[Event "64. BEM 2010"]
[Site "Dortmund"]
[Date "2010.03.09"]
[Round "8.4"]
[White "Morawietz, Manuel"]
[Black "Schütte, Tobias"]
[Result "0-1"]
[WhiteElo "1952"]
[BlackElo "1980"]
[PlyCount "74"]
[EventDate "2010.??.??"]
[Source "SG Dortmund"]
[SourceDate "2004.12.16"]

1. e4 e6 2. d4 d5 3. exd5 exd5 4. Nf3 Bd6 5. Bd3 Ne7 6. Nc3 Nbc6 7. Nb5 Bg4 8.
Be2 f6 9. c3 Qd7 10. Nxd6+ Qxd6 11. Qb3 O-O-O 12. O-O g5 13. Re1 h5 14. Nxg5
fxg5 15. Bxg5 Rdg8 16. h4 Ng6 17. Qc2 Kb8 18. Bd3 Nf4 19. Bf5 Rf8 20. Bxg4 hxg4
21. Re3 Ne6 22. Qg6 Nxg5 23. Qxg5 Rfg8 24. Qf5 Rxh4 25. Rae1 Rhh8 26. g3 Qh6
27. Kf1 Qd6 28. Re6 Qd8 29. R1e3 a6 30. b4 Rh1+ 31. Ke2 Ra1 32. Qf7 Ka7 33. Re8
Rxa2+ 34. Kf1 Rxe8 35. Rxe8 Qg5 36. Qf8 Qc1+ 37. Kg2 Qxc3 0-1

[Event "64. BEM 2010"]
[Site "Dortmund"]
[Date "2010.03.09"]
[Round "8.5"]
[White "Lauche, Christoph"]
[Black "Begna, Bozidar"]
[Result "0-1"]
[WhiteElo "1960"]
[BlackElo "1958"]
[PlyCount "123"]
[EventDate "2010.??.??"]
[Source "SG Dortmund"]
[SourceDate "2004.12.16"]

1. e4 Nf6 2. Nc3 e5 3. f4 d5 4. exd5 Nxd5 5. Nxd5 Qxd5 6. fxe5 Qxe5+ 7. Qe2 Nc6
8. Qxe5+ Nxe5 9. d4 Nc6 10. c3 Bd6 11. Bd3 O-O 12. Ne2 Bg4 13. O-O Rae8 14. Nf4
h6 15. Bd2 a6 16. Rae1 Rxe1 17. Rxe1 g5 18. Nd5 Kg7 19. Ne3 Bf4 20. g3 Bxe3+
21. Bxe3 Be6 22. c4 Nb4 23. Bf1 Nc2 24. Re2 Nxe3 25. Rxe3 c6 26. b3 Rd8 27. Rd3
b5 28. Rd2 b4 29. Bg2 c5 30. d5 Rd6 31. Re2 Bf5 32. Be4 Bg4 33. Re1 f5 34. Bd3
f4 35. Re7+ Kf6 36. Rc7 Ke5 37. Bf1 Kd4 38. Kf2 fxg3+ 39. hxg3 Bf5 40. Bg2 Bd7
41. Ke2 h5 42. Kd2 h4 43. gxh4 gxh4 44. Ke2 a5 45. Kf3 a4 46. bxa4 Kxc4 47. a5
h3 48. Bh1 Rxd5 49. a6 Be6 50. Kf4 Rd8 51. Ke5 Bd5 52. Bxd5+ Rxd5+ 53. Ke6 Rd6+
54. Ke5 Rxa6 55. Rh7 Ra3 56. Rh4+ Kb5 57. Kd5 Rd3+ 58. Ke5 c4 59. Rh8 b3 60.
axb3 Rxb3 61. Rb8+ Kc5 62. Rc8+ {und Weiss gab sich nach einigen weiteren,
nicht mehr notierten Zuegen geschlagen ...} 0-1

[Event "64. BEM 2010"]
[Site "Dortmund"]
[Date "2010.03.09"]
[Round "8.6"]
[White "Lindam, Ingo"]
[Black "Duschek, Günter"]
[Result "1-0"]
[WhiteElo "2076"]
[BlackElo "1607"]
[PlyCount "83"]
[EventDate "2010.??.??"]
[Source "SG Dortmund"]
[SourceDate "2004.12.16"]

1. d4 d5 2. Nf3 Nf6 3. Bf4 Nh5 4. Bd2 Nf6 5. c4 c6 6. Nc3 e6 7. Qc2 Bd6 8. g4
h6 9. Rg1 Qc7 10. O-O-O Bxh2 11. Nxh2 Qxh2 12. Rg2 Qd6 13. g5 hxg5 14. Bxg5 Na6
15. e4 Nxe4 16. Nxe4 dxe4 17. Qxe4 f5 18. Qe3 b6 19. Bf4 Qe7 20. Be5 Rh7 21.
Qg3 g5 22. d5 cxd5 23. cxd5 Qc5+ 24. Kb1 Nb4 25. Qb3 Nxd5 26. Rxg5 Bb7 27. Bb5+
Bc6 28. Rc1 Qxb5 29. Qxb5 Bxb5 30. Rg8+ Kf7 31. Rxa8 Bd3+ 32. Ka1 Ne7 33. Rxa7
Kg6 34. Rg1+ Kf7 35. Bd6 Kf6 36. f4 Be2 37. Be5+ Kf7 38. Bd6 Kf6 39. Rc1 b5 40.
b3 Bd3 41. Be5+ Kf7 42. Rxe7+ 1-0

[Event "64. BEM 2010"]
[Site "Dortmund"]
[Date "2010.03.09"]
[Round "8.7"]
[White "Dreier, Daniel"]
[Black "Zimmermann, Dirk"]
[Result "1/2-1/2"]
[WhiteElo "1792"]
[BlackElo "1960"]
[PlyCount "58"]
[EventDate "2010.??.??"]
[Source "SG Dortmund"]
[SourceDate "2004.12.16"]

1. d4 Nf6 2. c4 g6 3. g3 Bg7 4. Bg2 O-O 5. Nf3 d6 6. O-O Nbd7 7. Nc3 e5 8. d5
h6 9. Qc2 a5 10. Nh4 Nc5 11. Be3 b6 12. h3 Nh5 13. Nb5 Na6 14. a3 Nf4 15. Bxf4
exf4 16. Nf3 Bf5 17. Qd2 fxg3 18. fxg3 Qd7 19. g4 Be4 20. Ne5 dxe5 21. Bxe4 Nc5
22. Qc2 Nxe4 23. Qxe4 f5 24. Qg2 e4 25. Rad1 fxg4 26. Qxg4 Qxg4+ 27. hxg4 Rxf1+
28. Rxf1 Be5 29. b3 Kg7 1/2-1/2

[Event "64. BEM 2010"]
[Site "Dortmund"]
[Date "2010.03.09"]
[Round "8.8"]
[White "Borjini, Faouzi"]
[Black "Imrek, Ozan Mert"]
[Result "1-0"]
[WhiteElo "1919"]
[BlackElo "1351"]
[PlyCount "89"]
[EventDate "2010.??.??"]
[Source "SG Dortmund"]
[SourceDate "2004.12.16"]

1. d4 d5 2. c4 c6 3. Nc3 Nf6 4. Nf3 e6 5. Bg5 Nbd7 6. e3 Be7 7. Bd3 dxc4 8.
Bxc4 b5 9. Bd3 a6 10. O-O O-O 11. e4 c5 12. e5 Nd5 13. Bxe7 Qxe7 14. Qe2 Nf4
15. Qe4 Nxd3 16. Qxa8 Nb6 17. Qe4 Nxb2 18. dxc5 Bb7 19. c6 Ba8 20. Rab1 N2c4
21. Rfd1 Rc8 22. Nd4 Qc7 23. f4 h6 24. Rbc1 Bxc6 25. Nxc6 Nd7 26. Ne7+ Kh8 27.
Nxc8 Qxc8 28. Qd4 Qc5 29. Ne4 Qxd4+ 30. Rxd4 Ndb6 31. Nd6 Kg8 32. Nxc4 Nxc4 33.
Rcxc4 bxc4 34. Rxc4 h5 35. Ra4 h4 36. Rxa6 h3 37. a4 f6 38. a5 f5 39. Rxe6 Kf7
40. Rd6 g6 41. a6 Kg7 42. a7 Kh6 43. a8=Q Kh5 44. gxh3 g5 45. Qh8# 1-0

[Event "64. BEM 2010"]
[Site "Dortmund"]
[Date "2010.03.09"]
[Round "8.9"]
[White "Campana, Rafael"]
[Black "Schiefelbusch, Dirk"]
[Result "0-1"]
[WhiteElo "1708"]
[BlackElo "2125"]
[PlyCount "85"]
[EventDate "2010.??.??"]
[Source "SG Dortmund"]
[SourceDate "2004.12.16"]

1. d4 Nf6 2. c4 e6 3. Nc3 d5 4. Nf3 Be7 5. h3 O-O 6. e3 b6 7. Bd3 Bb7 8. cxd5
exd5 9. O-O c5 10. b3 Nc6 11. Bb2 Rc8 12. Rc1 Re8 13. Bb1 Bd6 14. Nb5 Be7 15.
Re1 a6 16. Nc3 Bd6 17. Na4 Ne4 18. Ne5 Nxe5 19. dxe5 Bxe5 20. Bxe4 Bxb2 21.
Bxh7+ Kxh7 22. Qh5+ Kg8 23. Nxb2 Qf6 24. Nd3 Re4 25. Qd1 Rce8 26. Rc2 Qg5 27.
Rce2 d4 28. f4 Qg3 29. exd4 cxd4 30. Ne5 Rxf4 31. Nd3 Rfe4 32. Rxe4 Rxe4 33.
Rxe4 Bxe4 34. Ne1 Qe3+ 35. Kf1 Bc6 36. a4 b5 37. Qd3 Qxd3+ 38. Nxd3 bxa4 39.
bxa4 Bxa4 40. Ke1 Bb5 41. Nc5 Kf8 42. Kd2 Ke7 43. Nb3 0-1

[Event "64. BEM 2010"]
[Site "Dortmund"]
[Date "2010.03.09"]
[Round "8.10"]
[White "Werner, Patrick"]
[Black "Gegner, Michael"]
[Result "1/2-1/2"]
[WhiteElo "1832"]
[BlackElo "1551"]
[PlyCount "36"]
[EventDate "2010.??.??"]
[Source "SG Dortmund"]
[SourceDate "2004.12.16"]

1. d4 Nf6 2. c4 e5 3. dxe5 Ne4 4. Nd2 Nc5 5. Ngf3 Qe7 6. e3 Nc6 7. Be2 Nxe5 8.
O-O d6 9. b4 Ncd3 10. Qb3 Nxf3+ 11. Bxf3 Qf6 12. Ba3 Ne5 13. Bb2 Nxf3+ 14. Nxf3
Qg6 15. Kh1 Be7 16. c5 Be6 17. Qa4+ Bd7 18. Qb3 Be6 1/2-1/2